Normal view
MARC view
Entry Topical Term
001 - CONTROL NUMBER
- control field: 68187
003 - CONTROL NUMBER IDENTIFIER
- control field: dpl
005 - DATE AND TIME OF LATEST TRANSACTION
- control field: 20240705151747.0
008 - FIXED-LENGTH DATA ELEMENTS
- fixed length control field: 240705|| aca||aabn | a|a d
040 ## - CATALOGING SOURCE
- Original cataloging agency: dpl
- Transcribing agency: dpl
150 ## - HEADING--TOPICAL TERM
- Topical term or geographic name as entry element: हिन्दी
670 ## - SOURCE DATA FOUND
- Source citation: Work cat.: (dpl)203978: शिक्षा के दार्शनिक परिप्रेक्ष्य/, 2024
